Economic trends in European Union countries since the eastward enlargement
Charakteristika zatriedenia štátov EÚ do troch podskupín. Hodnotenie makroekonomickej vyspelosti medzi týmito štátmi prostredníctvom ekonomických ukazovateľov.
Guardado en:
| Autor principal: | |
|---|---|
| Formato: | Capítulo de libro |
| Lenguaje: | inglés |
| Materias: | |
| Etiquetas: |
Sin Etiquetas, Sea el primero en etiquetar este registro!
|
MARC
| LEADER | 00000naa$a2200000$$$4500 | ||
|---|---|---|---|
| 001 | 0066509 | ||
| 005 | 20231107071752.6 | ||
| 041 | 0 | |a eng | |
| 044 | |a CZ | ||
| 245 | 1 | 0 | |a Economic trends in European Union countries since the eastward enlargement |c Domenico Raguseo |
| 520 | |a Charakteristika zatriedenia štátov EÚ do troch podskupín. Hodnotenie makroekonomickej vyspelosti medzi týmito štátmi prostredníctvom ekonomických ukazovateľov. | ||
| 610 | 2 | 0 | |a Európska únia |
| 610 | 2 | 0 | |a konvergencia |
| 610 | 2 | 0 | |a analýza ekonomická |
| 610 | 2 | 0 | |a porovnanie medzinárodné |
| 100 | 1 | |a Raguseo, Domenico | |